| 000 | 00799nam a22002177a 4500 | ||
|---|---|---|---|
| 003 | OSt | ||
| 005 | 20171017162345.0 | ||
| 008 | 171017s2017 spca||||||||| 000 0 spa|d | ||
| 020 | _a9788417007065 | ||
| 040 |
_aES-BaUAB _bcat _cCDMR |
||
| 100 | 1 |
_aChaves Nogales, Manuel _d1897-1944 _93658 |
|
| 245 | 1 | 0 |
_aTres periodistas en la revolución de Asturias _c/ Manuel Chaves Nogales, José Díaz Fernández, Josep Pla ; prólogo de Jordi Amat |
| 260 |
_aBarcelona : _bLibros del Asteroide, _c2017 |
||
| 300 |
_a142 pàgines : _bil·lustracions ; _c16 cm |
||
| 650 | 0 | 4 |
_aLa premsa i els fets d'octubre del 34 _92724 _zAstúries |
| 650 | 0 | 0 |
_aReportatges literaris _9797 |
| 700 | 1 |
_aDíaz Fernández, José, _d1898-1941, |
|
| 700 | 1 |
_aPla, Josep, _d1897-1981, |
|
| 700 | 1 |
_aAmat, Jordi, _d1978- |
|
| 942 | _cMON | ||
| 999 |
_c7066 _d7066 |
||